Hystoria del muy valeroso Cavallero, el Cid Ruy- Diaz de Biuar (Record no. 187628)
[ view plain ]
| 000 -LEADER | |
|---|---|
| campo de control de longitud fija | 01118nam a2200253 i 4500 |
| 001 - NÚMERO DE CONTROL | |
| campo de control | 187628 |
| 003 - IDENTIFICADOR DE NÚMERO DE CONTROL | |
| campo de control | ES-MaACL |
| 005 - FECHA Y HORA DE LA ÚLTIMA TRANSACCIÓN | |
| campo de control | 20240129115703.0 |
| 008 - DATOS DE LONGITUD FIJA--INFORMACIÓN GENERAL | |
| campo de control de longitud fija | 171211s2017 mx a |||| | spa d |
| 020 ## - NÚMERO INTERNACIONAL ESTÁNDAR DEL LIBRO | |
| Número Internacional Estándar del Libro | 978-84-617-7060-1 |
| 130 0# - ENTRADA PRINCIPAL--TÍTULO UNIFORME | |
| Título uniforme | Poema del Cid. |
| 9 (RLIN) | 123904 |
| 245 10 - MENCIÓN DEL TÍTULO | |
| Título | Hystoria del muy valeroso Cavallero, el Cid Ruy- Diaz de Biuar |
| Resto del título | : en romances: en lenguage antiguo / recopilados por Iuan de Escobar ...; preámbulo, José J. Labrador Herráiz ; prólogo e introducción Arthur Lee-Francis Askins. |
| 260 ## - PUBLICACIÓN, DISTRIBUCIÓN, ETC. | |
| Lugar de publicación, distribución, etc. | México D.F. : |
| Nombre del editor, distribuidor, etc. | Frente de afirmación hispanista, A.C., |
| Fecha de publicación, distribución, etc. | 2017. |
| 300 ## - DESCRIPCIÓN FÍSICA | |
| Extensión | 398 p. : |
| Otras características físicas | il. ; |
| Dimensiones | 21 cm. |
| 534 ## - NOTA SOBRE LA VERSIÓN ORIGINAL | |
| Frase introductoria | Reproducción de la edición de: |
| Publicación, distribución, etc. del original | Lisboa,1605. |
| 650 04 - PUNTO DE ACCESO ADICIONAL DE MATERIA--TÉRMINO DE MATERIA | |
| Término de materia o nombre geográfico como elemento de entrada | Romances- |
| Subdivisión geográfica | España. |
| 9 (RLIN) | 16935 |
| 700 1# - ENTRADA AGREGADA--NOMBRE PERSONAL | |
| Nombre de persona | Escobar, Juan de. |
| 9 (RLIN) | 47553 |
| 700 1# - ENTRADA AGREGADA--NOMBRE PERSONAL | |
| Nombre de persona | Labrador Herraiz, José J. |
| 9 (RLIN) | 69288 |
| 700 0# - ENTRADA AGREGADA--NOMBRE PERSONAL | |
| Nombre de persona | Askins, Arthur Lee-Francis. |
| 9 (RLIN) | 23626 |
| 852 ## - LOCALIZACIÓN | |
| Ubicación | ES-MaACL |
| Número de control de estantería | A-14069 |
| itemnumber | 194714 |
| Sublocalización o colección | R.151730 |
| Ubicación en estantería | Depósito 1 |
| Signatura antigua | Olim: N-7069 |
| Donativo/Legado | Donación: José J. Labrador Herraiz |
| 903 ## - NOMBRE PERSONAL DE DONANTE | |
| a | José J. Labrador Herraiz |
| e | Donante |
| 942 ## - ELEMENTOS DE ENTRADA SECUNDARIOS (KOHA) | |
| Fuente del sistema de clasificación o colocación | Clasificación decimal universal |
| Tipo de ítem Koha | Libro impreso |
| Estatus retirado | Estado de pérdida | Fuente del sistema de clasificación o colocación | Estado de daño | No para préstamo | Biblioteca de origen | Biblioteca actual | Ubicación en estantería | Fecha de adquisición | Fuente de adquisición | Total de préstamos | Signatura topográfica completa | Código de barras | Visto por última vez | Precio de reemplazo | Tipo de ítem Koha |
|---|---|---|---|---|---|---|---|---|---|---|---|---|---|---|---|
| Clasificación decimal universal | Biblioteca del Ateneo de Madrid | Biblioteca del Ateneo de Madrid | Depósito 1 | 11/12/2017 | Donación | A-14069 | 1198178 | 23/02/2023 | 23/02/2023 | Libro impreso |
